00871nam a2200181Ia 4500008004100000020001500041040001800056041000800074245013300082260004400215300001800259490003900277505024700316650002500563700002900588700004200617700003000659130821s2001 ck gr spa  a9583006505 aCo-BoUCMbspa00aspa00aCuentos de la primera vezcSelección de Guido L. Tamayo S.; ilustraciones Giovanni Cabrera; edición Ricardo Rendón López aBogotá (Colombia)bPanamericanac2001 a148 páginas aColección el pozo y el péndulo aContenido: Cuentos y biografías de Ivan Bunin; William Faulkner; J.M. Machado de Assis; Julio Ramon Ribeyro; Felisberto Hernández; José Donoso; Guillermo Cabrera Infante; Joao Guimaraes Rosa; Luis Rafael Sánchez; Antonio Correa Losada04aCuentosvColecciones aCabrera, Giovanni, Ilus. aRendón López, Ricardo Andres, Ed. aTamayo S., Guido L.; Comp